Cliquez sur les départements sur une carte - Statistiques

Statistiques générales
  • Ce quiz a été pris 208 166 fois
  • Le résultat moyen est 47 sur 101
Réponses sur la Carte
Les réponses sont colorées sur une échelle allant du rouge au vert en fonction du pourcentage des utilisateurs qui les ont devinées à leur premier essai. Vous pouvez retrouver ces pourcentages ci-dessous.
 
Statistiques - réponses
Réponse % Correct
Paris
76%
Corse-du-Sud
75%
Haute-Corse
74%
Guyane
68%
Nord
67%
La Réunion
66%
Finistère
65%
Seine-Saint-Denis
65%
Pas-de-Calais
64%
Martinique
63%
Pyrénées-Atlantiques
63%
Gironde
61%
Haute-Savoie
60%
Alpes-Maritimes
59%
Guadeloupe
59%
Mayotte
59%
Manche
57%
Savoie
57%
Bouches-du-Rhône
56%
Vendée
56%
Charente-Maritime
55%
Loire-Atlantique
55%
Morbihan
55%
Yvelines
55%
Côtes-d'Armor
54%
Hauts-de-Seine
54%
Landes
54%
Pyrénées-Orientales
54%
Rhône (et métropole de Lyon)
54%
Alpes-de-Haute-Provence
53%
Bas-Rhin
53%
Haut-Rhin
53%
Territoire de Belfort
53%
Hérault
52%
Calvados
51%
Hautes-Alpes
50%
Seine-Maritime
49%
Ille-et-Vilaine
48%
Seine-et-Marne
48%
Var
48%
Essonne
47%
Hautes-Pyrénées
47%
Meurthe-et-Moselle
47%
Oise
47%
Puy-de-Dôme
47%
Ardennes
46%
Val-d'Oise
46%
Charente
45%
Dordogne
45%
Somme
45%
Val-de-Marne
45%
Gard
44%
Moselle
44%
Côte-d'Or
43%
Indre
43%
Isère
43%
Jura
43%
Vaucluse
42%
Vosges
42%
Ain
41%
Ardèche
41%
Meuse
41%
Sarthe
41%
Cantal
40%
Creuse
40%
Deux-Sèvres
40%
Marne
40%
Aisne
39%
Aveyron
39%
Doubs
39%
Drôme
39%
Mayenne
39%
Eure-et-Loir
38%
Haute-Garonne
38%
Loire
38%
Maine-et-Loire
38%
Corrèze
37%
Eure
37%
Loiret
37%
Loir-et-Cher
37%
Tarn-et-Garonne
37%
Yonne
37%
Allier
36%
Orne
36%
Saône-et-Loire
36%
Aude
35%
Cher
35%
Indre-et-Loire
35%
Nièvre
35%
Vienne
35%
Ariège
34%
Gers
34%
Lot-et-Garonne
34%
Lozère
34%
Tarn
34%
Lot
33%
Aube
32%
Haute-Vienne
32%
Haute-Loire
30%
Haute-Marne
30%
Haute-Saône
30%
Aucun quiz correspondant
Distribution des résultats
% des personnes avec chaque résultat
Percentile par nombre de réponses
Votre historique - résultats
Vous n’avez pas pris ce quiz